| 000 | 00817nam a2200241Ia 4500 | ||
|---|---|---|---|
| 001 | 22018 | ||
| 005 | 20260320113334.0 | ||
| 008 | 260320s9999||||xx |||||||||||||| ||und|| | ||
| 041 | _aESP | ||
| 082 |
_a261.51 _bL536 |
||
| 100 |
_aLeocata, Francisco, _eAUT |
||
| 245 | 0 |
_aDel iluminismo a nuestros días : _bsíntesis de las ideas filosóficas en su relación con el cristianismo |
|
| 246 |
_a _5 _b |
||
| 260 |
_aArgentina : _bEdiciones Don Bosco, _c1979 |
||
| 300 |
_a480 páginas : _b _c18 cm. _e |
||
| 440 |
_a _n _v |
||
| 650 | _aREL | ||
| 653 | _aIlustración; Cristianismo; Filosofía contemporánea | ||
| 654 | _aCHU | ||
| 700 |
_a _c |
||
| 856 |
_uhttps://0u20fnknb-y-https-research-ebsco-com.itmsp.museknowledge.com/c/qxo6us/search _zVéase además: Base de datos EBSCOhost |
||
| 942 |
_cLIB _dJUS _fMAT _2ddc _n |
||
| 999 |
_c22018 _d22018 |
||